000 00580nam a2200217 i 4500
001 C2-0296733
003 PPAK
005 20180728075047.0
008 090426s xx |||| ||||| | may d
040 _aPPAK
_beng
_cPPAK
_erda
082 0 4 _a372.891
_223
090 0 0 _a372.891
_bLEW
_dKIH
100 0 _aG. E. D. lewis,
_eauthor
245 1 0 _aIlmu alam dunia buku dua
_bBenua-benua selatan
264 1 _bLongman Malaysia ,
300 _a185 pages ;
_c27 cm
336 _2rdacontent
_atext
337 _2rdamedia
_aunmediated
338 _2rdacarrier
_avolume
942 _ddc
_cB
999 _c101163
_d101163